La pampa argentina : ocupación, poblamiento, explotación, de la conquista a la crisi mundial (1550-1930) /

Guardado en:
Autor Principal: Gaignard, Romain
Otros Autores: Figueira, Ricardo, trad.
Formato: Libro
Publicado: Buenos Aires : Solar, 1989
Series:Biblioteca dimensión argentina
Materias:
Etiquetas: Agregar Etiqueta
Sin Etiquetas, Sea el primero en etiquetar este registro!
LEADER 02099nam a22002295a 4500
001 CEM.cems017710
005 20110920112830.0
008 130507s1989##################000#0#####d
003 CEMS
020 |a 9509086266 
082 0 4 |a 333 
100 1 |a Gaignard, Romain 
245 1 0 |a La pampa argentina :  |b ocupación, poblamiento, explotación, de la conquista a la crisi mundial (1550-1930) /  |c Romain Gaignard ; traducción de Ricardo Figueira 
260 |a Buenos Aires :  |b Solar,  |c 1989 
300 |a 515 p. 
490 0 |a Biblioteca dimensión argentina 
505 0 |a La Pampa: visión de conjunto -- Un extraño retraso (1520-1880) -- El español ante la pampa indígena -- La era de la vaquería -- El nacimiento de la estancia (siglo XVIII) -- El siglo XIX: de la pampa indígena a la pampa argentina -- La formación del gran dominio pastoril en la pampa de Buenos Aires (1810-1860) -- La edad del saladero. Desarrollo de la exportaciones de cueros y carne salada -- Un nuevo tipo de ocupación del suelo: las colonias de inmigrantes agricultores de la Pampa santafesina y cordobesa -- La Pampa de los años setenta -- La conquista al desierto: la Pampa argentina -- Una fortuna repentina (1880-1930) -- La toma de posesión de la pampa -- El arsenal jurídico -- La toma de posesión de las nuevas tierras pampeanas -- La valorización de la pampa ( la Edad de Oro (1890-1930) -- La instalación de los transportes -- La fuerza de trabajo: la gran época de la inmigración europea a la Argentina -- La revolución técnica del frío: la ganadería pampeana al alcance del consumidor británico -- La Pampa agroesportadora: instrumentos políticos, financieros, comerciales y técnicos de su valorización -- La Edad de oro de la explotación pampeana: un éxito fácil -- La organización de la explotación del suelo: el mito de la colonización agrícola y de la supremacía de la gran propiedad 
653 |a Pampa argentina 
653 |a Pampa argentina-historia 
653 |a Historia argentina 
700 1 |a Figueira, Ricardo, trad. 
859 |a CEMS  |b BIB. CEMS - Agricultura  |h 333  |i G127  |p A0537.04  |t Ej.1